Statistics for Braum or Vladimir Quiz [League of Legends]

Click here to take the quiz!

General Stats

  • This quiz has been taken 24 times
  • The average score is 4 of 6

Answer Stats

QuestionAnswer% Correct
Has hard CCBraum
100%
Viego's uncleVladimir
100%
Ability: UnbreakableBraum
95%
Skin: AcademyVladimir
90%
Higher base HPBraum
38%
Who wins in a lore accurate fight?Braum
24%

Score Distribution

Percentile by Number Answered

Percent of People with Each Score

Your Score History

You have not taken this quiz